The newly industrializing countries Asia / (Record no. 171146)

MARC details
000 -LEADER
fixed length control field 00632nam a2200193 4500
001 - CONTROL NUMBER
control field vtls000933260
003 - CONTROL NUMBER IDENTIFIER
control field MY-SjTCS
005 - DATE AND TIME OF LATEST TRANSACTION
control field 20200226120818.0
008 - FIXED-LENGTH DATA ELEMENTS--GENERAL INFORMATION
fixed length control field 110218 1992 00 eng
020 ## - INTERNATIONAL STANDARD BOOK NUMBER
International Standard Book Number 9812100245
039 #9 - LEVEL OF BIBLIOGRAPHIC CONTROL AND CODING DETAIL [OBSOLETE]
Level of rules in bibliographic description 201905141236
Level of effort used to assign nonsubject heading access points dianafitri
Level of effort used to assign subject headings 201102181644
Level of effort used to assign classification VLOAD
-- 200407271839
-- VLOAD
082 04 - DEWEY DECIMAL CLASSIFICATION NUMBER
Classification number 338.90091723
Item number TAN
100 1# - MAIN ENTRY--PERSONAL NAME
Personal name Tan, Gerald.
9 (RLIN) 4827
245 14 - TITLE STATEMENT
Title The newly industrializing countries Asia /
Statement of responsibility, etc. Gerald Tan
260 ## - PUBLICATION, DISTRIBUTION, ETC.
Place of publication, distribution, etc. Singapore :
Name of publisher, distributor, etc. Times Academic Press,
Date of publication, distribution, etc. 1992
300 ## - PHYSICAL DESCRIPTION
Extent xii, 259 p. ;
Dimensions 23 cm.
651 #0 - SUBJECT ADDED ENTRY--GEOGRAPHIC NAME
Geographic name Developing countries
General subdivision Economic conditions.
9 (RLIN) 3898
920 ## - Programme
Programme AUDP : 53711, 53712
Holdings
Withdrawn status Lost status Source of classification or shelving scheme Damaged status Not for loan Collection code Home library Current library Date acquired Total Checkouts Barcode Date last seen Date last checked out Copy number Koha item type Public note
Withdrawn   Dewey Decimal Classification     Please fill up online form at https://taylorslibrary.taylors.edu.my/services/external_storage1 Taylor's Library-TU TU External Storage-LCS 27/07/2004   1000021314 12/12/2019 01/02/2010 1 Main Collection TBSxx,34006,03,GR
Withdrawn   Dewey Decimal Classification     Please fill up online form at https://taylorslibrary.taylors.edu.my/services/external_storage1 Taylor's Library-TU TU External Storage-LCS 27/07/2004   1000021306 12/12/2019 01/02/2010 1 Main Collection TBSxx,34007,03,GR